00623nam a22001577a 450000500170000001000130001702000260003003500110005603700160006710000520008324501580013524600730029326000370036627000390040330000230044220200304152557.0 aUR-10722 c200.00a9789383239887 aU-9277 bDBAD/PUBa- aمر تب و نا صر:غضنفر ا قبا ل  a کلا م تجھ لب کا cمر تب و نا صر:غضنفر ا قبا لbد کن کے منتخب شعر ا ء کی غز لو ں کا ا نتخا ب  bKalam Tujh Lab Ka (Urdu)aCompiled And Published by Ghazanfar Iqbal aN.DelhibApplied Books c2019 ء aDarya Ganj,bN.Delhie110002k-l- a136 ص c22 Cm(Hb)